000 00312nam a22001337a 4500
008 171127b xxu||||| |||| 00| 0 eng d
020 _a9781932662139
041 _aeng
080 _a37
100 _a46
101 _aEDU
245 _aHOW TO WRITE A WINNING SCHOLARSHIP ESSAV
_cKELLY.G
942 _2udc
_cBK
999 _c38557
_d38557